Statistics for Badly Drawn Flags of South America

Click here to take the quiz!

General Stats

  • This quiz has been taken 34 times
  • The average score is 11 of 12

Answer Stats

Answer% Correct
Chile
100%
Uruguay
100%
Argentina
94%
Brazil
94%
Colombia
94%
Ecuador
94%
Guyana
94%
Paraguay
94%
Peru
94%
Venezuela
91%
Suriname
88%
Bolivia
84%

Score Distribution

Percentile by Number Answered

Percent of People with Each Score

Your Score History

You have not taken this quiz